| 000 | 00734nam a2200229 a 4500 | ||
|---|---|---|---|
| 001 | BRCA_1950 | ||
| 005 | 20190320203619.0 | ||
| 008 | 930726s1992 mx-b---##d---#000-0#spa-# | ||
| 020 | _a9688422894 | ||
| 040 |
_aDLC _cDLC |
||
| 041 | _aspa | ||
| 050 | 4 |
_aPM3618.C4 _b.A38 1992 |
|
| 100 | 1 |
_aAguilar Penagos, Mario _95987 |
|
| 245 | 1 | 0 |
_aDiccionario de la lengua chiapaneca _cMario Aguilar Penagos. |
| 260 |
_aMéxico _bGobierno del Estado de Chiapas _c1992 |
||
| 300 |
_a778 p. _bil., 1 mapa plegable _c21 cm. |
||
| 500 | _aChiapaneca-castellano, castellano-chiapaneca | ||
| 650 | 1 | 4 |
_aLengua chiapaneca _vDiccionarios _xEspañol _95988 |
| 650 | 1 | 4 |
_aEspañol _vDiccionarios _xLengua chiapaneca _95989 |
| 902 | _aREF | ||
| 942 |
_2lcc _cB |
||
| 999 |
_c1720 _d1720 |
||